000 00566nam a2200217Ia 4500
003 OSt
005 20220928135025.0
006 a|||||r|||| 00| 0
007 ta
008 220927b |||||||| |||| 00| 0 eng d
024 _a461
037 _cTextual
040 _aSDCL
_cSDCL
_beng
041 _2eng
_aeng
082 _aX.1(X)'N1, L8
100 _aLatham A J H
_9489238
245 0 _aInternational economy and the underdeveloped world 1865-1914
260 _c1978
942 _hX.1(X)'N1, L8
_cTEXL
_2CC
999 _c804471
_d804471